Plants Vs Zombies Garden Warfare 2 All Characters - Statistics

General Stats
  • This quiz has been taken 109 times
  • The average score is 47 of 104
Answer Stats
Hint Answer % Correct
Peashooter Fire Pea
94%
Peashooter Ice Pea
92%
Peashooter Agent Pea
88%
Peashooter Rock Pea
83%
Peashooter Toxic Pea
83%
Peashooter Electro Pea
78%
Peashooter Plasma Pea
78%
Peashooter Law Pea
77%
Sunflower Fire Flower
73%
Sunflower Vampire Flower
72%
Chomper Fire Chomper
69%
Sunflower Metal Petal
67%
Peashooter Commando Pea
64%
Chomper Toxic Chomper
64%
Chomper Yeti Chomper
64%
Sunflower Power Flower
63%
Sunflower Stuffy Flower
63%
Cactus Fire Cactus
61%
Chomper Unicorn Chomper
59%
Cactus Ice Cactus
58%
Chomper Disco Chomper
56%
Rose Fire Rose
56%
Citron Iron Citron
56%
Citron Party Citron
56%
Corn Party Corn
55%
Sunflower Alien Flower
53%
Corn BBQ Corn
53%
Chomper Hot Rod Chomper
53%
Sunflower Mystic Flower
53%
Rose Party Rose
53%
Corn Commando Corn
52%
Chomper Power Chomper
52%
Sunflower Shadow Flower
52%
Chomper Chomp Thing
50%
Citron Electro Citron
50%
Cactus Petrified Cactus
50%
Super Brainz Toxic Brainz
50%
Citron Toxic Citron
50%
Rose Frost Rose
48%
Citron Frozen Citron
48%
Rose Nec'Rose
48%
Cactus Power Cactus
48%
Rose Druid Rose
47%
Imp Party Imp
47%
Imp S.H.R.I.M.P
47%
Cactus Zen Cactus
47%
Foot Soldier Centurion
45%
Super Brainz Party Brainz
45%
Chomper Armor Chomper
44%
Chomper Count Chompula
44%
Corn Pops Corn
44%
Scientist Computer Scientist
42%
All-Star Hockey Star
42%
Imp Lil' Drake
42%
Foot Soldier Park Ranger
42%
Imp Z7 Imp
42%
Cactus Bandit Cactus
41%
Super Brainz Breakfast Brainz
41%
Cactus Camo Cactus
41%
Pirate Captain Party
41%
Super Brainz Electro Brainz
41%
Cactus Jade Cactus
41%
Engineer Mechanic
41%
Super Brainz Cosmic Brainz
39%
Scientist Marine Biologist
39%
Engineer Welder
39%
Cactus Future Cactus
38%
Foot Soldier Super Commando
38%
Foot Soldier Tank Commander
38%
All-Star Tennis Star
38%
Engineer AC Perry
36%
Foot Soldier Scuba Soldier
36%
Scientist Chemist
34%
Imp Pylon Imp
34%
Scientist Zoologist
34%
Engineer Roadie Z
33%
Engineer Electrician
31%
All-Star Rugby Star
31%
Imp Scallywag Imp
31%
All-Star Wrestling Star
31%
Foot Soldier Camo Ranger
30%
Foot Soldier General Supremo
30%
Scientist Paleontologist
30%
All-Star Baseball Star
28%
Pirate Captain Cannon
28%
Pirate Captain Squawk
28%
All-Star Golf Star
28%
Engineer Painter
28%
Scientist Physicist
28%
Engineer Plumber
28%
Foot Soldier Artic Trooper
27%
Pirate Captain Flameface
27%
All-Star Cricket Star
27%
Scientist Dr. Toxic
27%
Foot Soldier Sky Trooper
27%
Scientist Archaeologist
25%
All-Star Goalie Star
25%
Engineer Landscaper
25%
Scientist Astronaut
23%
Pirate Captain Sharkbite
20%
Corn Mob Corn
20%
All-Star Moto-X Star
19%
Sunflower Sun Pharoh
17%
Engineer Sanitation Worker
3%
No matching quizzes found
Score Distribution
Percent of People with Each Score
Percentile by Number Answered
Your Score History
You have not taken this quiz